| 000 | 00698nam a2200169 a 4500 | ||
|---|---|---|---|
| 008 | 130905s2006 ||||||||||||||||| || u | ||
| 020 | _a9781403996015 | ||
| 050 | _aHD 82 THI | ||
| 100 | _aThirlwall, A. P | ||
| 245 | 1 | 0 |
_aGrowth and development: with special reference to developing economies. --8th ed. _cby A.P. Thirlwall |
| 250 | _a8th ed. | ||
| 260 |
_aHampshire: _bPalgrave Macmillan _c2006 |
||
| 300 | _axxx, 685p.: ill. | ||
| 650 | 0 | _aECONOMIC DEVELOPMENT--AFRICA, SUB-SAHARAN | |
| 650 | 0 | _aDEVELOPING COUNTRIES--ECONOMIC CONDITIONS | |
| 995 |
_FCBU-MAIN LIBRARY (Kitwe) _M1 _UAVAILABLE _WSep 26, 2013 _ZMain Library Open Access Collection |
||
| 999 |
_c45006 _d45006 |
||